Britské účetní výkaznictví pro malé a středně velké podniky - inspirace pro ostatní země ?

Britské skúsenosti so stanovením účtovných pravidiel pre malé a stredné podniky. Charakteristické črty britského prístupu. Britský prístup bol doporučený ako vhodný pre vytvorenie medzinárodného účtovného štandardu zameraného na malé a stredné podniky.

Salvato in:
Dettagli Bibliografici
Autore principale: Cardová, Zdenka
Natura: Capitolo di libro
Lingua:ceco
Soggetti:
Tags: Aggiungi Tag
Nessun Tag, puoi essere il primo ad aggiungerne!!

MARC

LEADER 00000naa$a2200000$$$4500
001 0049811
005 20221129074042.9
041 0 |a cze 
044 |a CZ 
245 1 0 |a Britské účetní výkaznictví pro malé a středně velké podniky - inspirace pro ostatní země ?  |c Zdenka Cardová 
520 |a Britské skúsenosti so stanovením účtovných pravidiel pre malé a stredné podniky. Charakteristické črty britského prístupu. Britský prístup bol doporučený ako vhodný pre vytvorenie medzinárodného účtovného štandardu zameraného na malé a stredné podniky. 
610 2 0 |a Veľká Británia 
610 2 0 |a predpisy 
610 2 0 |a účtovníctvo 
610 2 0 |a pravidlá účtovné 
610 2 0 |a podnik malý 
610 2 0 |a podnik stredný 
610 2 0 |a štandardy účtovné medzinárodné 
100 1 |a Cardová, Zdenka